[Event "19th Delhi GM Open 2022"]
[Site "Delhi"]
[Date "2022.03.23"]
[Round "2.12"]
[White "Divya Deshmukh"]
[Black "Mitrabha, Guha"]
[Result "1/2-1/2"]
[WhiteElo "2301"]
[BlackElo "2510"]
[Annotator "TA"]
[PlyCount "152"]
[EventDate "2022.03.22"]
[EventType "swiss"]
[EventCountry "IND"]
[SourceTitle "playchess.com"]
[Source "ChessBase"]
[SourceQuality "1"]

{[%evp 17,152,-28,-25,-63,-70,-87,-74,-107,-113,-127,-109,-115,-90,-101,-94,-81,-84,-105,-112,-144,-129,-130,-128,-124,-123,-119,-120,-123,-116,-128,-109,-95,-103,-177,-81,-81,-102,-102,-94,-106,-55,-150,-81,-81,-8,-85,-69,-72,-73,-69,-51,-60,-52,-57,-57,-84,-58,-58,-60,-78,-72,-91,-94,-97,-104,-91,-97,-89,-90,-90,-90,-90,-95,-152,-95,-160,-165,-157,-159,-165,-159,-158,-139,-154,-142,-182,-167,-166,-145,-211,-207,-216,-209,-234,-126,-126,-139,-305,-300,-293,-278,-490,-491,-653,-647,-1098,-416,-407,-364,-435,-385,-440,-435,-432,-419,-431,-381,-543,-543,-545,-537,-524,-521,-679,-666,-649,-646,-1239,-1253,-1141,-1431,-1254,-1247,-1132,-1100,-891,-851]} 1. e4 e6 2. d3 d5 3. Nd2 Nf6 4. Ngf3 Nc6 5. g3 dxe4 6. dxe4 e5 7. Bg2 Bc5 8. O-O O-O 9. Qe2 a5 10. h3 {C00: French: Unusual White 2nd moves.} b6 11. c4 {[#]} Qe7 $146 ({Predecessor:} 11... Nd4 12. Nxd4 Bxd4 13. Nf3 c5 14. Kh2 Bb7 15. Nh4 Qc7 16. Nf5 Rfe8 17. Bg5 Re6 {½-½ (43) Acor,C (2223)-Sumaneev,D (2450) Chess.com INT 2021}) 12. a4 {Black is better.} Ba6 13. b3 Rfd8 14. Bb2 Nd7 15. Rfd1 Bd6 16. Rab1 Nc5 17. Bc3 Qe6 18. Kh2 Be7 19. h4 Rd3 20. Ba1 Rad8 21. Ne1 R3d6 22. Bh3 Qh6 {[%cal Rd6d2]} 23. Ndf3 Rxd1 24. Rxd1 Nxb3 25. Bxe5 (25. Rxd8+ $17 Bxd8 26. Bxe5 Nxe5 27. Nxe5) 25... Nxe5 (25... Rxd1 $19 {and Black stays clearly on top.} 26. Qxd1 Nxe5 27. Qxb3 Qf6 28. Nxe5 Qxe5) 26. Rxd8+ $17 Bxd8 27. Nxe5 Nd4 28. Qa2 {[%cal Oc4c5]} Qf6 (28... c5 $1 $17 {And now ...Bc7 would win.} 29. N1f3 Nxf3+ 30. Nxf3 Qc1) 29. N1d3 (29. f4 $1 $15) 29... Be7 (29... c5 $142 30. f4 Bc7) 30. f4 g6 (30... c5 $17 31. Qf2 Bd8) 31. Qb2 (31. Bd7 $1 $11) 31... Nc6 32. Nxc6 Qxc6 33. Ne5 Qf6 ({Much worse is} 33... Qxa4 34. Ng4 Bf8 35. Nf6+ Kh8 36. Nh5+ Kg8 37. Nf6+ Kg7 38. Nh5+ Kg8 39. Nf6+ $11) 34. Qd2 $1 Qd6 (34... Bb7 {keeps more tension.} 35. Ng4 Qa1 36. Bg2 Bc6 37. f5 h5) 35. Qd5 Qxd5 36. cxd5 $15 {[%mdl 4096] Endgame KBB-KBN} f6 37. Nc6 Kf8 38. Bd7 Bc5 {To avoid Nd4} 39. Kg2 Be2 40. Na7 {[#]} Bd3 $1 41. Kf3 f5 42. exf5 gxf5 43. Nb5 Ke7 44. Bc6 Kd8 45. g4 (45. Nc3 $142) 45... Bc2 (45... fxg4+ $142 46. Kxg4 Bc2) 46. Nc3 (46. g5 $142) 46... Bb4 47. Ne2 fxg4+ 48. Kxg4 Bd1 49. Kf3 Bc5 50. Bb5 Ke7 51. Kg3 Bc2 52. Bc6 {[#]} h5 $1 53. Nc3 (53. Bb5 $17 {is a better defense.}) 53... Kd8 $19 54. Kf3 Be7 55. Ne2 Bd1 ({Black should try} 55... Bxh4 $19 {Strongly threatening ...Bd1.} 56. Nd4 Bd1+ 57. Ke3 Bf6 58. Ne6+ Kc8) 56. Ke3 $17 Bxh4 57. Nd4 $2 {White does not recover from this.} (57. Kd2 $17 Bxe2 58. Kxe2) 57... Bf6 $19 58. Ne6+ Kc8 59. f5 $2 (59. Kf2 {might work better.}) 59... h4 60. Kf4 Be7 {Threatens to win with ...Bd6+. This bishop pair is nice.} 61. Ng5 Bd6+ (61... Bxg5+ $142 62. Kxg5 h3) 62. Ke3 Be5 63. Ke4 Bb2 64. Nh3 Kd8 65. Nf2 Bc2+ 66. Kf4 Bd4 67. Ng4 (67. Ne4 {was worth a try.}) 67... Ke7 {Black is clearly winning.} 68. Kg5 h3 69. f6+ Kd6 70. Kh4 {[#]} Bxf6+ $1 {[%mdl 512]} 71. Kxh3 Bd4 72. Nh6 Kc5 73. Ng8 Kb4 74. Ne7 Bc5 75. d6 Bxd6 76. Nd5+ Kc5 {[%mdl 32768] Weighted Error Value: White=0.26 (precise) /Black=0.14 (very precise) . An unexpected result.} 1/2-1/2

[Event "19th Delhi GM Open 2022"]
[Site "Delhi"]
[Date "2022.03.23"]
[Round "2.13"]
[White "Arjun Kalyan"]
[Black "Sharma, Dinesh K."]
[Result "1/2-1/2"]
[WhiteElo "2506"]
[BlackElo "2283"]
[Annotator "TA"]
[PlyCount "77"]
[EventDate "2022.03.22"]
[EventType "swiss"]
[EventCountry "IND"]
[SourceTitle "playchess.com"]
[Source "ChessBase"]
[SourceQuality "1"]

{[%evp 20,77,18,22,33,36,14,30,22,30,36,14,64,54,44,43,73,24,29,26,33,41,19,47,77,60,91,84,139,43,87,-177,-166,-564,-536,-477,-243,-254,-257,-266,-273,-254,-260,-253,-258,-242,-267,-247,-224,-249,-131,-124,-127,-119,-106,-121,-4,-4,0,-50]} 1. e4 e6 2. d4 d5 3. Nc3 Nf6 4. e5 Nfd7 5. f4 c5 6. Nf3 Nc6 7. Be3 cxd4 8. Nxd4 Bc5 9. Qd2 O-O 10. O-O-O a6 11. Nb3 Bb4 {C11: French: Classical System: 4 e5 and 4 Bg5 dxe4.} 12. Kb1 f6 13. exf6 Nxf6 {White has an edge.} 14. Bd3 Ng4 $1 15. Bg1 Nf6 {[#]} (15... Bxc3 $11 16. bxc3 g6) 16. h3 $146 ({Predecessor:} 16. a3 Bd6 17. Na4 b5 18. Nb6 Rb8 19. Nxc8 Qxc8 20. Re1 Re8 21. g3 Qc7 22. Be3 {1-0 (51) Smythe,A (2153)-Sowden,E (2323) ICCF email 2011}) 16... Kh8 17. a3 $36 {[%mdl 2048] White has good play.} Bd6 18. Be3 (18. g4 $16) 18... b5 $11 19. g4 {[%cal Bg2g4,Bg4g5][%mdl 32]} b4 20. axb4 Nxb4 21. Be2 a5 22. g5 $1 Ng8 23. h4 {White is more active.} a4 (23... Ne7 $142) 24. Nc1 (24. Nd4 $1 $16) 24... Ne7 (24... a3 $14) 25. Bg4 $2 {[%mdl 8192]} (25. h5 $1 $16 {[%cal Rh5h6]}) 25... a3 $19 26. h5 $2 (26. b3 {is tougher.}) 26... axb2 {( -> ...Qa5)} 27. Nb3 {Prevents Qa5.} Kg8 (27... e5 $142 28. Bxc8 Qxc8) 28. h6 {Threatens to win with hxg7.} g6 29. Kxb2 ({Wrong is} 29. Qd4 $2 e5 30. Qb6 Qxb6 31. Bxb6 Bxg4 $19) 29... e5 30. fxe5 Bxe5 {Hoping for ...Ra2+.} ({Don't play} 30... Bxg4 31. exd6 Nec6 32. Bc5 $16) 31. Bd4 Bxg4 32. Bxe5 Bxd1 33. Rxd1 Nec6 34. Bf6 {[#]} Rxf6 (34... Na5 $1 $19 {[%cal Ra5c4][%mdl 512]} 35. Bxd8 Nc4+ 36. Kc1 Nxd2 37. Rxd2 Raxd8) 35. gxf6 $17 Qxf6 {Strongly threatening ...Ra2+.} 36. Kb1 {Inhibits Ra2.} Rd8 37. Nb5 {Inhibits d4.} Qe5 (37... Rb8 $17 38. Qc3 Qe5) 38. Re1 $1 $11 Qf6 39. N5d4 {Weighted Error Value: White=0.44/Black=0.36} (39. Rd1 $11) 1/2-1/2

[Event "19th Delhi GM Open 2022"]
[Site "Delhi"]
[Date "2022.03.23"]
[Round "2.14"]
[White "Aaryan Varshney"]
[Black "Harsha Bharathakoti"]
[Result "1/2-1/2"]
[WhiteElo "2277"]
[BlackElo "2499"]
[Annotator "TA"]
[PlyCount "100"]
[EventDate "2022.03.22"]
[EventType "swiss"]
[EventCountry "IND"]
[SourceTitle "playchess.com"]
[Source "ChessBase"]
[SourceQuality "1"]

{[%evp 29,100,0,0,3,17,0,3,-7,-12,-4,-30,-72,-22,-73,-70,-121,-119,-114,-115,-136,-125,-114,-131,-199,-169,-168,-170,-174,-166,-151,-147,-170,-117,-162,-137,-165,-37,-282,-288,-325,-273,-264,-222,-223,-222,-220,-214,-228,-140,-178,-108,-172,-77,-73,-36,-40,0,0,0,0,22,-91,-15,-121,0,0,0,0,0,0,0,0,0]} 1. d4 e6 2. c4 d5 3. Nc3 Bb4 4. Nf3 dxc4 5. e3 b5 6. a4 c6 7. Bd2 a5 8. axb5 Bxc3 9. Bxc3 cxb5 10. b3 Bb7 11. bxc4 b4 12. Bb2 Nf6 13. Bd3 O-O 14. O-O Nbd7 15. Nd2 Qc7 {[%cal Oa5a4]} 16. Bc2 {D31: Queen's Gambit Declined: Semi-Slav without ...Nf6 (+ Marshall Gambit and Noteboom) and Exchange Variation lines without ...Nf6.} h6 17. h3 Rfd8 {[#]} 18. c5 $146 ({Predecessor:} 18. e4 Nb6 19. d5 Nxc4 20. Bxf6 gxf6 21. Qg4+ Kf8 22. Nxc4 Qxc4 23. Rac1 Rac8 24. Qf4 {1-0 (43) Voll,A (2567)-Achilles,E (2439) ICCF email 2017}) 18... e5 19. Ba4 {[%cal Oc5c6]} exd4 $40 {[%mdl 128] Black attacks.} 20. exd4 (20. Bxd4 $11 Nxc5 21. Rc1) 20... Nf8 (20... Nd5 $17 {Threatens to win with ...Nf4.} 21. Qf3 Ra6) 21. Re1 (21. Nf3 $11 {remains equal.}) 21... Ne6 $17 22. Nb3 ({White should try} 22. Nf3 $15) 22... Bd5 {...Nf4 is the strong threat.} 23. Nd2 Nf4 24. Nf3 Qb7 25. Re3 Ra6 26. Rc1 (26. Bc1 $17) 26... Bc6 27. Bxc6 Qxc6 28. Qf1 a4 29. Ne5 Qa8 30. Rf3 N4d5 (30... N6d5 $1 $19 31. g3 f6 $1) 31. c6 (31. Ra1 $17) 31... Rb6 {White must now prevent ...a3.} 32. Qc4 (32. c7 $2 Rc8 33. Ba1 (33. Nc4 $2 Rc6 $19) 33... Rxc7 $19) 32... Qa6 (32... a3 $19 33. Ba1 (33. c7 $2 Rc8 $19) 33... Rc8) 33. Qxa6 $2 ({White should play} 33. Rxf6 $1 $15 Qxc4 34. Nxc4 gxf6 35. Nxb6 Nxb6 36. d5 (36. c7 Rc8 $17)) 33... Rxa6 $19 34. Rc4 Rb6 35. Rc5 a3 36. Bxa3 bxa3 37. Rxa3 {[%cal Oe5d7]} Nc7 38. Ra7 Nfd5 39. Nc4 Rb1+ 40. Kh2 Kf8 (40... Rc1 $1 $19 {has better winning chances.} 41. Nb6 Rxc5 42. dxc5 Re8) 41. Ne3 $17 Nxe3 42. Rxc7 Nf1+ 43. Kg1 Nd2+ 44. Kh2 Ne4 45. Re5 {[#]} (45. Rd7 $1 $11 Rxd7 46. cxd7) 45... Nd6 (45... Nxf2 $2 46. Ree7 Kg8 47. Rcd7 $18 (47. Rxf7 Rh1+ 48. Kg3 Ne4+ 49. Kh4 g5+ 50. Kh5 Rc1 $11)) (45... Re8 $1 $17 {And now ...Rxe5 would win.} 46. f3 Rxe5 47. dxe5 Ng5) 46. Rd5 {[#]} (46. Ree7 $11) 46... Rbb8 (46... Rb6 $1 $17 {aiming for ...Ra6.} 47. f3 g6) 47. Ra7 $11 {The position is equal.} Ne8 48. c7 Nxc7 $1 49. Rxd8+ Rxd8 50. Rxc7 Rxd4 {And White is the lucky defender.  Weighted Error Value: White=0.28 (precise) /Black=0.32} 1/2-1/2

[Event "19th Delhi GM Open 2022"]
[Site "Delhi"]
[Date "2022.03.23"]
[Round "3.1"]
[White "Nigmatov, Ortik"]
[Black "Erigaisi Arjun"]
[Result "0-1"]
[WhiteElo "2445"]
[BlackElo "2633"]
[Annotator "TA"]
[PlyCount "96"]
[EventDate "2022.03.22"]
[EventType "swiss"]
[EventCountry "IND"]
[SourceTitle "playchess.com"]
[Source "ChessBase"]
[SourceQuality "1"]

{[%evp 18,96,20,21,22,8,4,-3,0,-15,-1,-33,0,-10,34,13,31,30,28,0,0,0,0,0,0,0,0,0,0,0,0,0,0,0,0,-8,0,-8,-16,-106,-112,-116,-111,-112,-100,-369,-378,-361,-383,-328,-217,-348,-321,-314,-324,-321,-308,-313,-206,-298,-297,-388,-389,-470,-468,-478,-431,-452,-425,-458,-456,-468,-466,-535,-513,-689,-699,-689,-674,-604,-588]} 1. e4 c5 2. Nf3 Nc6 3. d4 cxd4 4. Nxd4 Nf6 5. Nc3 d6 6. Bg5 e6 7. Qd2 a6 8. O-O-O Be7 9. f3 Nxd4 10. Qxd4 b5 {B66: Sicilian: Richter-Rauzer: 7...a6 8 0-0-0 h6.} 11. h4 {11.h4 has lost popularity.} Bb7 12. g4 O-O {The position is equal.} 13. h5 h6 14. Bh4 Rc8 15. a3 {[#]} d5 $146 (15... Re8 $11) ({Predecessor:} 15... Rc5 16. Rg1 e5 17. Qd3 Ne8 18. Bf2 Rc7 19. Kb1 Bg5 20. a4 b4 21. Nd5 Bxd5 22. Qxd5 {0-1 (43) Lkhagvasuren,T (2385)-Nicevski,R (2380) Gdynia 1988}) 16. e5 $1 $14 Nd7 17. Bxe7 Qxe7 18. f4 f6 19. exf6 Qxf6 20. Ne2 e5 21. fxe5 Qxe5 {[%cal Of8f1] ...Rxf1! is the strong threat.} 22. Nc3 Qg5+ 23. Kb1 Rf4 24. Qa7 Nc5 {And now ...d4 would win.} 25. Bg2 {[%cal Rg2d5]} Rf7 {[%cal Od5d4]} 26. Rhf1 $132 {[%mdl 2048] White is not keeping still} Rfc7 {[%cal Od5d4] White must now prevent ...d4!} 27. Qb6 {[%cal Rc3d5]} d4 28. Ne4 Qxg4 $17 (28... Bxe4 $6 29. Bxe4 Nxe4 30. Qe6+ Kh8 31. Qxe4 $11) (28... Nxe4 $6 29. Qe6+ Kh8 30. Bxe4 Bxe4 31. Qxe4 $11) 29. Bf3 Qh3 30. Nf6+ gxf6 31. Rg1+ $2 {[%mdl 8192] This move loses the game for White.} (31. Bxb7 $17 {was necessary.} Rxb7 32. Qxf6) 31... Kf7 $19 32. Bg4 {[#]} Qh2 (32... Qh4 33. Bxc8 Rxc8 34. b4 $16) 33. Bxc8 Rxc8 {Dancing on a razor blade.} ({And not} 33... Rc6 {[#]} 34. Be6+ $1 {[%mdl 512]} (34. Qd8 Rxc8 35. Qxd4 Be4 $17) 34... Kxe6 35. Qd8 $11) 34. Qa7 (34. Rg6 $142 Qxc2+ 35. Kxc2 Nd7+ 36. Kd3 Nxb6 37. Rxh6) 34... Qc7 {Strongly threatening ...Ra8.} ({Inferior is} 34... Qxh5 35. b4 Rc7 36. Qb8 $11 (36. bxc5 Qxc5 37. Qxc5 Rxc5 $11)) 35. Rxd4 Be4 36. Qxc7+ Rxc7 {[%cal Bc8c7,Bc7d7,Bd7d5,Bd5d6,Bd6e6][%mdl 32]} 37. Rd2 Rd7 38. Rf2 (38. Kc1 {was called for.}) 38... Rd5 39. b4 Na4 40. Rgf1 f5 {Black is clearly winning.} 41. Rg1 Rd6 42. Kc1 Nb6 43. Rd2 Nd5 44. Kd1 Re6 45. Rd4 Kf6 46. Kd2 Ke5 47. c3 f4 48. Re1 {[#]} Nxc3 $1 {[%mdl 512] Weighted Error Value: White=0.35/Black=0.08 (flawless)} 0-1

[Event "19th Delhi GM Open 2022"]
[Site "Delhi"]
[Date "2022.03.23"]
[Round "3.2"]
[White "Shyaamnikhil, P."]
[Black "Sethuraman, S.P."]
[Result "1/2-1/2"]
[WhiteElo "2442"]
[BlackElo "2619"]
[Annotator "TA"]
[PlyCount "65"]
[EventDate "2022.03.22"]
[EventType "swiss"]
[EventCountry "IND"]
[SourceTitle "playchess.com"]
[Source "ChessBase"]
[SourceQuality "1"]

{[%evp 20,65,0,-12,0,-33,-30,-30,-18,-33,0,-39,-44,-39,-18,-47,-21,-33,-26,-44,-1,-35,-15,-35,-15,-23,-28,-57,-55,-33,-41,-71,-8,-12,-8,-13,0,0,0,0,0,0,0,0,0,0,0,0]} 1. e4 c5 2. Nc3 Nc6 3. g3 g6 4. Bg2 Bg7 5. d3 d6 6. Be3 Rb8 7. Qd2 b5 {[%cal Bb7b5,Bb5b4][%mdl 32]} 8. f4 b4 9. Nd1 e6 10. Ne2 Nd4 11. O-O Ne7 {B26: Closed Sicilian: 3 g3, lines with early Be3.} 12. Nc1 O-O 13. c3 bxc3 {Black has an edge.} 14. bxc3 Qa5 15. Kh1 Ndc6 16. Ne2 {[#]} Qa3 $146 ({Predecessor:} 16... Bd7 17. g4 f5 18. gxf5 exf5 19. Ng3 Rb6 20. Rg1 Nd8 21. Rc1 Be6 22. exf5 Nxf5 23. Nxf5 Rxf5 24. Nf2 {0-1 (24) Gil Bohorquez,A (1730)-Romero Echeverria,A (1958) Banos de Agua Santa 2020}) 17. Nf2 f5 (17... Rb2 $2 18. Qc1 Ba6 19. Nd1 Bxd3 20. Rf2 $18) 18. Rab1 Ba6 19. Qc2 h6 (19... c4 $15) 20. g4 (20. Bc1 $5 {[%cal Rc1a3]} Qa5 21. Be3 $11) 20... Qa5 (20... c4 {looks sharper.} 21. gxf5 exf5 22. exf5 Rxb1 23. Rxb1 Nxf5 24. Bc1 Qa5) 21. Rxb8 Rxb8 22. gxf5 exf5 23. Rb1 Rxb1+ 24. Qxb1 Kh7 25. Bd2 fxe4 (25... c4 $17 26. exf5 {[#]} Nxf5 $1 27. Bxc6 Qc5) 26. Nxe4 $11 {The position is equal.} Qc7 27. N2g3 Qd7 28. h3 Qe6 29. Kh2 Bc8 30. Qc2 Bd7 31. Qb1 Bc8 32. Qc2 Bd7 33. Qb1 {Weighted Error Value: White=0.12 (very precise) /Black=0.15 (very precise)} 1/2-1/2

[Event "19th Delhi GM Open 2022"]
[Site "Delhi"]
[Date "2022.03.23"]
[Round "3.3"]
[White "Saptarshi, Roy"]
[Black "Lalith Babu M R"]
[Result "0-1"]
[WhiteElo "2402"]
[BlackElo "2563"]
[Annotator "TA"]
[PlyCount "84"]
[EventDate "2022.03.22"]
[EventType "swiss"]
[EventCountry "IND"]
[SourceTitle "playchess.com"]
[Source "ChessBase"]
[SourceQuality "1"]

{[%evp 28,84,0,-13,0,-14,0,-6,0,-38,-28,-58,-43,-51,0,-43,0,0,25,12,0,6,41,28,83,81,55,51,60,52,62,66,47,48,52,52,68,-8,-22,-54,-53,-83,0,0,0,-127,-133,-134,-139,-332,-323,-331,-312,-350,-330,-406,-450,-848,-792]} 1. e4 e5 2. Nf3 Nc6 3. Bb5 a6 4. Ba4 Nf6 5. O-O Be7 6. Re1 b5 7. Bb3 d6 8. c3 O-O 9. d4 {[%cal Bd2d4,Bd4d5][%mdl 32]} Bg4 10. d5 Na5 11. Bc2 Qc8 12. h3 Bd7 13. Nbd2 c6 14. dxc6 Qxc6 15. Nf1 Rfc8 {C91: Closed Ruy Lopez: 7...d6 8 c3 0-0 9 d4.} 16. a3 Be6 17. Ng3 Nc4 {[#] The position is equal.} 18. Nh4 $146 ({Predecessor:} 18. Nf5 Bf8 19. Rb1 h6 20. N3h4 Kh8 21. Qf3 Ng8 22. Ne3 Nb6 23. Rd1 a5 24. Nd5 Bxd5 25. exd5 {0-1 (91) Fedoseev,V (2203)-Khusenkhojaev,M (2373) Peterhof 2009}) 18... g6 19. Rb1 Bf8 20. Bg5 Bg7 (20... Nd7 $15) 21. Qc1 (21. Nhf5 $11 gxf5 22. exf5) 21... Qe8 (21... d5 $15) 22. Nhf5 $11 Bxf5 23. exf5 d5 {Inhibits Ne4.} 24. h4 {[%cal Oh4h5]} Rc6 25. h5 gxh5 (25... e4 $11) 26. Bxf6 $16 Bxf6 27. Nxh5 Kh8 28. b3 Nb6 29. c4 {aiming for cxd5.} Qe7 (29... dxc4 $2 30. Be4 Be7 31. Bxc6 Qxc6 32. Rxe5 $18) 30. Qh6 {[%cal Oc4c5] Threatens to win with c5!} bxc4 31. bxc4 Nxc4 32. Ba4 ({White should try} 32. Rbd1 $1 $14) 32... Rd6 $11 {[%cal Bc6d6,Bd6d7,Bd7d5][%mdl 32] White must now prevent ...Rg8.} 33. Rb7 Qf8 {The board is on fire.} (33... Qxb7 $2 34. Nxf6 Rxf6 35. Qxf6+ Kg8 36. Bc6 $18) 34. Qc1 {[#]} Qg8 (34... e4 $1 $17 35. Nxf6 Rxf6) 35. Bb3 Na5 36. Rd7 {[#]} Bg5 $1 $36 {[%mdl 2560] Black is on the roll.} 37. Qc7 Rxd7 38. Qxa5 {Now White is beyond hope.} (38. Qxd7 $17 Nxb3 39. Qxd5) 38... f6 $19 39. Rd1 Qd8 40. Qa4 Rb8 41. Ba2 Rb2 42. Rxd5 (42. Bb1 $142) 42... Rxd5 {Weighted Error Value: White=0.43/Black=0.14 (very precise)} 0-1

[Event "19th Delhi GM Open 2022"]
[Site "Delhi"]
[Date "2022.03.23"]
[Round "3.4"]
[White "Visakh N R"]
[Black "Tahbaz Arash"]
[Result "1-0"]
[WhiteElo "2522"]
[BlackElo "2469"]
[Annotator "TA"]
[PlyCount "47"]
[EventDate "2022.03.22"]
[EventType "swiss"]
[EventCountry "IND"]
[SourceTitle "playchess.com"]
[Source "ChessBase"]
[SourceQuality "1"]

{[%evp 21,47,6,10,0,0,0,0,0,0,0,30,27,43,62,36,47,91,91,91,93,109,80,117,128,531,514,1277,1234]} 1. d4 Nf6 2. c4 e6 3. g3 d5 4. Nf3 Be7 5. Bg2 O-O 6. O-O Nbd7 7. Nbd2 c6 8. Qc2 b6 9. e4 dxc4 10. Nxc4 Bb7 11. Rd1 c5 12. Nfe5 {E09: Closed Catalan: Main Line: 7 Qc2 c6 8 Nbd2.} cxd4 $1 13. Rxd4 Qc7 14. Bf4 {[#] Black must now prevent Nxd7. The position is equal.} Nxe5 15. Bxe5 Qc5 16. Qd1 $1 {Prevents Ng4.} Rad8 {[%cal Ob7e4] ...Bxe4! is the strong threat.} 17. Bd6 $36 {[%mdl 2048] Black is under pressure.} Bxd6 18. Nxd6 {[#] Strongly threatening Rc1.} Ba8 $146 (18... Bxe4 $14 19. Rc1 Bxg2 20. Rxc5 bxc5) ({Predecessor:} 18... Bxe4 19. b4 Qe5 20. f4 Qxd4+ 21. Qxd4 Bxg2 22. Kxg2 Ne8 23. Qg1 Nxd6 24. Rd1 Rd7 {1-0 (42) Lew,H (2308)-Struhar,J (2180) ICCF email 2008}) 19. Rc1 $16 Qa5 20. a4 {White is more active.} Rd7 21. b4 Qg5 22. f4 Qg6 {[%mdl 8192]} (22... Qh6 $16) 23. Nc8 $18 Rb7 (23... Nd5 $142 24. exd5 exd5) 24. Rd8 {Weighted Error Value: White=0.04 (flawless) /Black=0.66} 1-0

[Event "19th Delhi GM Open 2022"]
[Site "Delhi"]
[Date "2022.03.23"]
[Round "3.5"]
[White "Iniyan, P."]
[Black "Abdisalimov, Abdimalik"]
[Result "1-0"]
[WhiteElo "2516"]
[BlackElo "2435"]
[Annotator "TA"]
[PlyCount "97"]
[EventDate "2022.03.22"]
[EventType "swiss"]
[EventCountry "IND"]
[SourceTitle "playchess.com"]
[Source "ChessBase"]
[SourceQuality "1"]

{[%evp 9,97,15,8,10,19,12,7,12,7,0,0,12,42,45,74,76,72,71,73,70,66,81,70,69,114,103,116,114,113,111,137,68,76,33,41,31,51,30,39,6,24,16,35,41,49,53,43,50,22,31,53,41,36,13,31,11,35,8,8,8,204,212,232,235,554,494,1493,226,228,248,237,228,1033,988,988,988,1381,1268,6134,1735,12844,2550,8962,11313,8885,7593,2335,1671,6113,5093]} 1. e4 c5 2. Nf3 d6 3. Bb5+ Nd7 4. Ba4 Ngf6 5. O-O a6 6. c4 {To avoid b5. B51: Sicilian: Moscow Variation (3 Bb5+) without 3...Bd7.} e6 {[%cal Ob7b5]} 7. Nc3 {Inhibits b5.} Be7 8. d4 {The position is equal.} cxd4 9. Qxd4 O-O 10. Rd1 Qc7 11. Bxd7 Bxd7 12. Bf4 $1 {Threatens to win with e5.} Bc6 13. Bxd6 Bxd6 14. Qxd6 Qxd6 15. Rxd6 Bxe4 16. Ne5 $1 Rfd8 (16... Rfc8 $14) 17. Rad1 $16 {White is more active.} Rxd6 18. Rxd6 Rc8 19. f3 $1 {[#]} Bg6 $146 ({Predecessor:} 19... Bc2 20. Rd2 Bg6 21. Na4 Kf8 22. Nb6 Rc7 23. b4 Ne8 24. c5 f6 25. Nec4 Ke7 {1-0 (48) Milliet,S (2390)-Hernandez,C (2352) Barcelona 2020}) 20. Rb6 (20. b4 $1 $16) 20... Rc7 $14 21. c5 (21. a4 $16) 21... Rxc5 {[#]} 22. Rxb7 $1 {Rb8+ would kill now.} Kf8 $1 23. f4 Ke8 24. h4 Nd5 25. Nxg6 hxg6 $11 {[%mdl 4096] Endgame KRN-KRN} 26. Ne4 Rc7 27. Rxc7 Nxc7 $14 {KN-KN} 28. g3 Kd7 29. Kf2 Kc6 30. Ke3 Kd5 31. Ng5 f6 32. Nh7 Nb5 (32... Kd6 $5 {[%cal Rd6e7]}) 33. g4 Nd6 34. b3 Ne4 $2 {A mistake that costs the game.} (34... a5 $11) 35. Nf8 $18 {[%cal Of8e6] aiming for Nxe6!} Nc3 {[%cal Og6g5]} 36. Nxg6 Nxa2 $2 (36... e5 37. h5 Ke6) 37. h5 e5 (37... Nb4 $142 38. g5 fxg5) 38. fxe5 $2 (38. g5 {Strongly threatening gxf6.} fxg5 39. fxg5) 38... Ke6 (38... fxe5 $2 39. g5 Nc1 40. h6 gxh6 41. gxh6 $18) 39. exf6 Kxf6 {[#]} 40. Kf4 $1 Nc1 $2 (40... Nc3 41. g5+ Kf7) 41. g5+ {White is clearly winning.} Kf7 42. Kf5 Kg8 43. Ne7+ Kf7 {[#]} 44. Nc6 $1 {White threatens g6+ and mate.} Kg8 45. b4 (45. g6 $142 Ne2 46. h6 Ng3+ 47. Kf4 Nh5+ 48. Kg5) 45... Nd3 46. Ke4 Nf2+ 47. Ke3 Nd1+ 48. Kd4 {Black must now prevent Nb8.} g6 49. Ne7+ {Weighted Error Value: White=0.30/Black=0.33} 1-0